El problema del conocimiento: En la filosofía y en la ciencia moderna
Con esta obra Cassirer deja algo bien definido de su pensamiento: el rigor de la producción filosófica debe partir de la teoría del conocimiento, en este sentido, la revisión del método de conocimiento es impostergable, o sea, es el fundamento de la praxis filosófica. Llegado el primer volumen al br...
Gespeichert in:
| 1. Verfasser: | |
|---|---|
| Format: | Buch |
| Sprache: | Undetermined |
| Veröffentlicht: |
México, Distrito Federal
Fondo de Cultura Económica
1979
|
| Schlagworte: | |
| Tags: |
Tag hinzufügen
Keine Tags, Fügen Sie den ersten Tag hinzu!
|
MARC
| LEADER | 00000nam a2200000Ia 4500 | ||
|---|---|---|---|
| 008 | 170316s9999 xx 000 0 und d | ||
| 040 | |a cru BVZT | ||
| 090 | |a 100 C-17p | ||
| 100 | |a Cassirer, Ernst |9 1596 | ||
| 245 | |a El problema del conocimiento: En la filosofía y en la ciencia moderna |c / Ernst Cassirer | ||
| 260 | |a México, Distrito Federal |b Fondo de Cultura Económica |c 1979 | ||
| 300 | |a 721 p. ;Tomo II | ||
| 520 | |a Con esta obra Cassirer deja algo bien definido de su pensamiento: el rigor de la producción filosófica debe partir de la teoría del conocimiento, en este sentido, la revisión del método de conocimiento es impostergable, o sea, es el fundamento de la praxis filosófica. Llegado el primer volumen al brote del “yo pensante” cartesiano, en este segundo volumen el recorrido parte de Spinoza para presentar el desarrollo del racionalismo y su culminación con Leibniz y Tshrinhaus. Pasa por la filosofía empírica inglesa así como por la trayectoria de las ciencias naturales desde Newton hasta Kant. | ||
| 650 | |a FILOSOFÍA |9 5 | ||
| 999 | |c 15864 |d 15864 | ||
| 942 | |c 15 D |h 100 C-17p |2 z | ||
